<?xml version="1.0" encoding="UTF-8"?>
<record
    xmlns:xsi="http://www.w3.org/2001/XMLSchema-instance"
    xsi:schemaLocation="http://www.loc.gov/MARC21/slim http://www.loc.gov/standards/marcxml/schema/MARC21slim.xsd"
    xmlns="http://www.loc.gov/MARC21/slim">

  <leader>01153nam a2200229 i 4500</leader>
  <controlfield tag="001">186932</controlfield>
  <controlfield tag="003">ES-MaACL</controlfield>
  <controlfield tag="005">20231011170410.0</controlfield>
  <controlfield tag="008">170302s2016    sp ac        |||| |dspa d</controlfield>
  <datafield tag="245" ind1="0" ind2="0">
    <subfield code="a">Francisco A. de Icaza . </subfield>
    <subfield code="b">Carmen de Icaza : [dossier de informaciones diversas recopiladas de p&#xE1;ginas de Internet].</subfield>
  </datafield>
  <datafield tag="246" ind1="3" ind2=" ">
    <subfield code="a">Francisco de Icaza, 1863-1928 : </subfield>
    <subfield code="b">cervantista, presidente de la Secci&#xF3;n de Literatura, Ateneo de Madrid 1915-1916</subfield>
  </datafield>
  <datafield tag="246" ind1="3" ind2=" ">
    <subfield code="a">Carmen de Icaza</subfield>
  </datafield>
  <datafield tag="260" ind1=" " ind2=" ">
    <subfield code="a">[Madrid : </subfield>
    <subfield code="b">Biblioteca del Ateneo, </subfield>
    <subfield code="c">2016]</subfield>
  </datafield>
  <datafield tag="300" ind1=" " ind2=" ">
    <subfield code="a">[100] h. : </subfield>
    <subfield code="b">il., retr. ; </subfield>
    <subfield code="c">30 cm.</subfield>
  </datafield>
  <datafield tag="504" ind1=" " ind2=" ">
    <subfield code="a">Referencias bibliogr&#xE1;ficas.</subfield>
  </datafield>
  <datafield tag="594" ind1=" " ind2=" ">
    <subfield code="a">Informaci&#xF3;n recogida con motivo del homenaje a Francisco As&#xED;s de Icaza, incluido en los actos en conmemoraci&#xF3;n del IV Centenario de Cervantes 2016 en el Ateneo de Madrid; organizado por su Junta de Gobierno, en el Sal&#xF3;n de Actos, el 5 de mayo de 2016.</subfield>
  </datafield>
  <datafield tag="600" ind1="1" ind2="4">
    <subfield code="a">Icaza, Francisco A. de,</subfield>
    <subfield code="d">1863-1925</subfield>
    <subfield code="9">65035</subfield>
  </datafield>
  <datafield tag="600" ind1="1" ind2="4">
    <subfield code="a">Icaza, Carmen de,</subfield>
    <subfield code="d">1899-1979</subfield>
    <subfield code="9">65034</subfield>
  </datafield>
  <datafield tag="710" ind1="2" ind2=" ">
    <subfield code="a">Ateneo de Madrid. </subfield>
    <subfield code="b">Biblioteca</subfield>
    <subfield code="9">1951</subfield>
  </datafield>
  <datafield tag="852" ind1="4" ind2=" ">
    <subfield code="a">ES-MaACL</subfield>
    <subfield code="j">2151-F-21   </subfield>
    <subfield code="z">- Enc. canutillo</subfield>
  </datafield>
  <datafield tag="999" ind1=" " ind2=" ">
    <subfield code="c">186932</subfield>
    <subfield code="d">186932</subfield>
  </datafield>
  <datafield tag="952" ind1=" " ind2=" ">
    <subfield code="0">0</subfield>
    <subfield code="1">0</subfield>
    <subfield code="4">0</subfield>
    <subfield code="7">0</subfield>
    <subfield code="8">Colecci&#xF3;n_de_folletos</subfield>
    <subfield code="a">ATENEOM</subfield>
    <subfield code="b">ATENEOM</subfield>
    <subfield code="c">DEPOF</subfield>
    <subfield code="d">2017-03-02</subfield>
    <subfield code="e">DON</subfield>
    <subfield code="l">0</subfield>
    <subfield code="o">2151-F-21</subfield>
    <subfield code="p">1197174</subfield>
    <subfield code="r">2023-02-23 00:00:00</subfield>
    <subfield code="w">2023-02-23</subfield>
    <subfield code="y">FOLLETOS</subfield>
  </datafield>
</record>
